| 000 | 00000nam##2200000za#4500 |
| 001 | 9.635334 |
| 003 | CaOODSP |
| 005 | 20210624220215 |
| 007 | cr ||||||||||| |
| 008 | 150407|2008||||xxc|||||o f|0| 0 fre|d |
| 020 | |a978-0-662-08903-2 |
| 040 | |aCaOODSP|bfre |
| 043 | |an-cn--- |
| 086 | 1 |aM4-63/2008F-PDF |
| 110 | 1 |aCanada. |bRessources naturelles Canada. |
| 245 | 10|aAnalyse de la conjoncture environnementale du secteur de l'énergie au Canada / |h[ressource électronique]|créalisé pour la Table sur le développement durable du secteur de l'énergie. |
| 260 | |aOttawa - Ontario : |bRessources naturelles Canada |c2008. |
| 300 | |a173p.|bfigures en couleur, graphiques, cartes (certaines en couleur), références, tableaux, photographies |
| 500 | |aDocument complémentaire au rapport « Analyse économique du secteur de l'énergie du Canada » (M4-112/2008F-PDF). |
| 590 | |a14-08-Supp|b2014-04-10 |
| 691 | 07|aÉvaluation environnementale|2gcpds |
| 691 | 07|aGestion énergétique|2gcpds |
| 775 | 08|tEnvironmental scan of Canada's energy sector / |w(CaOODSP)9.690991 |
| 856 | 40|ahttp://publications.gc.ca|qPDF|s7.20 Mo|uhttps://publications.gc.ca/collections/collection_2014/ec/M4-63-2008-fra.pdf |